| 000 | 00667nam a2200181Ia 4500 | ||
|---|---|---|---|
| 003 | GCL | ||
| 008 | 140319s9999 xx 000 0 ara d | ||
| 040 |
_aGCL / _cGCL |
||
| 082 | 0 | 4 |
_a811.1 _bم ن |
| 100 | 1 | _aمحمد زكى العشماوى | |
| 245 | 1 | 0 |
_aالنابغة الذبيانى مع دراسة للقصيدة العربية فى العصر الجاهلى / _cمحمد زكى العشماوى |
| 300 | _a310 ص | ||
| 490 |
_aكتاب _v0 |
||
| 650 | 0 | 4 | _aالشعر العربى - تاريخ ونقد |
| 650 | 0 | 4 | _aالنابغة الذبيانى |
| 650 | 0 | 4 | _aالشعر العربى - تاريخ ونقد - العصر الجاهلى |
| 942 |
_2ddc _cBK |
||
| 999 |
_c42115 _d42115 |
||